2025 Rock and Roll Hall of Fame Nominees - Statistics

General Stats
  • This quiz has been taken 14 times
  • The average score is 6 of 14
Answer Stats
Answer % Correct
Oasis
75%
Soundgarden
67%
The White Stripes
67%
Outkast
50%
Bad Company
42%
Chubby Checker
33%
Cyndi Lauper
33%
Joe Cocker
33%
Joy Division + New Order
33%
Mariah Carey
33%
The Black Crowes
33%
Billy Idol
25%
Maná
25%
Phish
25%
No matching quizzes found
Score Distribution
Percent of People with Each Score
Percentile by Number Answered
Your Score History
You have not taken this quiz